000 01160nam0a22002771 4500
001 rc\4672920
005 20130416204529.5
021 _aRU
_b[63-90867]
035 _a(NLR Aleph) 008217261
090 _a8133656
_c8133656
100 _a20130416d1963 |||y0rusy50 ca
101 1 _arus
_ctam
102 _aRU
105 _aa z |||a|
200 1 _aПовесть о заколдованных шакалах
_eДревние тамильские легенды
_f[Пер., предисл. и примеч. А.М. Пятигорского
_gИл.: Л.С. Эрман]
_g[Акад. наук СССР. Ин-т народов Азии]
210 _aМосква
_cИзд-во вост. лит.
_d1963
215 _a160 с.
_cил.
_d20
608 _aМифы и легенды, тамильские (х. л.)
_2psbo
702 1 _aПятигорский
_bА. М.
_gАлександр Моисеевич
_4730
_4080
_4212
702 1 _aЭрман
_bЛ. С.
_4440
712 0 2 _aИнститут народов Азии
_cМосква
_3RU\NLR\AUTH\8810000900
801 0 _aRU
_bNLR
_gpsbo
801 1 _aRU
_bELAR
_2rusmarc
852 _aNLR
_j63-3/6483
942 _cBOOK
980 _aNB